Ley orgánica de conflictos jurisdiccionales / (Record no. 5541)

MARC details
000 -LEADER
campo de control de longitud fija 00929nam a2200277 i 4500
001 - NÚMERO DE CONTROL
campo de control 5541
003 - IDENTIFICADOR DE NÚMERO DE CONTROL
campo de control ES-MaACL
005 - FECHA Y HORA DE LA ÚLTIMA TRANSACCIÓN
campo de control 20250827062553.0
007 - CAMPO FIJO DE DESCRIPCIÓN FÍSICA--INFORMACIÓN GENERAL
campo de control de longitud fija t|
008 - DATOS DE LONGITUD FIJA--INFORMACIÓN GENERAL
campo de control de longitud fija 881108s1987 sp ||||1| spa d
020 ## - NÚMERO INTERNACIONAL ESTÁNDAR DEL LIBRO
Número Internacional Estándar del Libro 84-309-1440-4
080 ## - NÚMERO DE LA CLASIFICACIÓN DECIMAL UNIVERSAL
Número de la Clasificación Decimal Universal 351.95(46)(094.4)
110 1# - ENTRADA PRINCIPAL--NOMBRE DE ENTIDAD CORPORATIVA
Nombre de entidad corporativa o nombre de jurisdicción como elemento de entrada España
9 (RLIN) 3622
240 10 - TÍTULO UNIFORME
Título uniforme Ley orgánica de conflictos jurisdiccionales, 1987
245 10 - MENCIÓN DEL TÍTULO
Título Ley orgánica de conflictos jurisdiccionales /
Mención de responsabilidad, etc. prólogo de Juan José Lavilla Rubira.
260 ## - PUBLICACIÓN, DISTRIBUCIÓN, ETC.
Lugar de publicación, distribución, etc. Madrid :
Nombre del editor, distribuidor, etc. Tecnos,
Fecha de publicación, distribución, etc. 1987.
300 ## - DESCRIPCIÓN FÍSICA
Extensión 79 p. ;
Dimensiones 17 cm.
490 1# - MENCIÓN DE SERIE
Mención de serie Biblioteca de textos legales
500 ## - NOTA GENERAL
Nota general Indice.
650 14 - PUNTO DE ACCESO ADICIONAL DE MATERIA--TÉRMINO DE MATERIA
Término de materia o nombre geográfico como elemento de entrada Conflictos de jurisdicción y competencia-
Subdivisión geográfica España-
Subdivisión de forma Legislación.
9 (RLIN) 11273
700 1# - ENTRADA AGREGADA--NOMBRE PERSONAL
Nombre de persona Lavilla Rubira, Juan José.
9 (RLIN) 70722
830 0# - PUNTO DE ACCESO ADICIONAL DE SERIE-TÍTULO UNIFORME
Título uniforme Biblioteca de textos legales
9 (RLIN) 177271
852 ## - LOCALIZACIÓN
Ubicación ES-MaACL
Número de control de estantería L-12224
Sublocalización o colección R.114533
Nota libre . - Rust.
852 ## - LOCALIZACIÓN
Ubicación ES-MaACL
Número de control de estantería L-12225
Sublocalización o colección R.114532
Holdings
Estatus retirado Estado de pérdida Estado de daño No para préstamo Biblioteca de origen Biblioteca actual Ubicación en estantería Fecha de adquisición Fuente de adquisición Total de préstamos Signatura topográfica completa Código de barras Visto por última vez Precio de reemplazo Tipo de ítem Koha
        Biblioteca del Ateneo de Madrid Biblioteca del Ateneo de Madrid Depósito 2 17/01/2008     L-12225 1005613 23/02/2023 23/02/2023 Libro impreso
        Biblioteca del Ateneo de Madrid Biblioteca del Ateneo de Madrid Depósito 2 17/01/2008     L-12224 1005612 23/02/2023 23/02/2023 Libro impreso